[Event "FIDE WCC Blitz Women 2019"]
[Site "Moscow"]
[Date "2019.12.30"]
[Round "16.26"]
[White "Dordzhieva, Dinara"]
[Black "Bulmaga, Irina"]
[Result "0-1"]
[WhiteElo "2222"]
[BlackElo "2308"]
[Annotator "NA"]
[PlyCount "160"]
[EventDate "2019.12.29"]
[EventType "swiss"]
[EventCountry "RUS"]
[SourceTitle "playchess.com"]
[Source "ChessBase"]
[SourceQuality "1"]

1. Nf3 Nf6 2. c4 b6 3. g3 Bb7 4. Bg2 e6 5. b3 Be7 6. Bb2 O-O 7. O-O d5 8. e3 c5 9. Nc3 Nbd7 10. Qe2 a6 11. d3 Qc7 12. Rad1 Rad8 13. Ne1 d4 14. Nb1 e5 15. e4 Ne8 16. f4 exf4 17. gxf4 g6 18. Nf3 Bf6 19. Bc1 Bg7 20. e5 Nb8 21. Nbd2 Bc8 22. Ne4 Bg4 23. h3 Bf5 24. Ng3 Be6 25. Ng5 Nc6 26. Rde1 Ne7 27. Nxe6 fxe6 28. Ne4 Nf5 29. Qg4 Qe7 30. Ng5 Bh6 31. h4 Bxg5 32. hxg5 Neg7 33. Be4 Nh5 34. Bxf5 Rxf5 35. Kg2 Rdf8 36. Re4 Qf7 37. Bd2 a5 38. a4 Ng7 39. Rh1 Nh5 40. Rf1 Qe7 41. Rf2 R8f7 42. Rf1 Qf8 43. Rf2 h6 44. gxh6 Qxh6 45. Kf1 Rh7 46. Ke2 Kf7 47. Kd1 Ng7 48. Kc2 Qh5 49. Qg3 Qh4 50. Qg2 Qh3 51. Qg1 Qh1 52. Qg4 Rh4 53. Qg3 Qh3 54. Qg1 Rg4 55. Qe1 Rg3 56. Qe2 Qg4 57. Qe1 Rg1 58. Qe2 Qxe2 59. Rexe2 Nh5 60. Rh2 Rg4 61. Ref2 Kg7 62. Rf3 Nxf4 63. Rhf2 g5 64. Rh2 Ng6 65. Rxf5 exf5 66. Re2 Kf7 67. e6+ Ke7 68. Be1 Nf8 69. Re5 Rf4 70. Bg3 Rf3 71. Be1 Nxe6 72. Bd2 Kf6 73. Re1 g4 74. Rh1 f4 75. Rh6+ Kf5 76. Rh5+ Ng5 77. Rh6 g3 78. Rh1 g2 79. Rg1 Rf2 80. Kd1 Nh3 0-1

[Event "FIDE WCC Blitz Women 2019"]
[Site "Moscow"]
[Date "2019.12.30"]
[Round "16.27"]
[White "Fataliyeva, Ulviyya"]
[Black "Ambartsumova, Karina"]
[Result "1-0"]
[WhiteElo "2108"]
[BlackElo "2254"]
[Annotator "NA"]
[PlyCount "71"]
[EventDate "2019.12.29"]
[EventType "swiss"]
[EventCountry "RUS"]
[SourceTitle "playchess.com"]
[Source "ChessBase"]
[SourceQuality "1"]

1. e4 c5 2. Nf3 Nc6 3. d4 cxd4 4. Nxd4 Qb6 5. Nb3 Nf6 6. Nc3 e6 7. Bd3 a6 8. O-O Be7 9. a4 Qc7 10. a5 d6 11. Be3 O-O 12. Na4 Nd7 13. f4 Bd8 14. Kh1 Qb8 15. Nb6 Nxb6 16. axb6 Bd7 17. Rf3 Bf6 18. e5 Be7 19. exd6 Qxd6 20. Bc5 Qd5 21. Rh3 f5 22. c4 Qxc5 23. Nxc5 Bxc5 24. Bxf5 exf5 25. Qxd7 Rf7 26. Qe6 Nd4 27. Qd5 Bxb6 28. c5 Rd8 29. Qc4 Bc7 30. Rxh7 Kxh7 31. Qxf7 Bxf4 32. Rd1 Be5 33. g3 Bf6 34. Qxb7 Re8 35. c6 Re2 36. c7 1-0

[Event "FIDE WCC Blitz Women 2019"]
[Site "Moscow"]
[Date "2019.12.30"]
[Round "16.28"]
[White "Hejazipour, Mitra"]
[Black "Heinemann, Josefine"]
[Result "0-1"]
[WhiteElo "2191"]
[BlackElo "2325"]
[Annotator "NA"]
[PlyCount "124"]
[EventDate "2019.12.29"]
[EventType "swiss"]
[EventCountry "RUS"]
[SourceTitle "playchess.com"]
[Source "ChessBase"]
[SourceQuality "1"]

1. d4 Nf6 2. c4 g6 3. Nf3 Bg7 4. g3 c6 5. Bg2 d5 6. O-O O-O 7. b3 dxc4 8. bxc4 c5 9. Bb2 Qb6 10. Qb3 Ne4 11. e3 Nc6 12. Qc2 Bf5 13. Qb3 Rfd8 14. Rd1 Na5 15. Qxb6 axb6 16. Na3 Rac8 17. Rac1 Nd6 18. Nd2 Bg4 19. f3 Be6 20. Bf1 Nf5 21. Kf2 cxd4 22. exd4 Bxd4+ 23. Bxd4 Rxd4 24. Nb3 Rxd1 25. Rxd1 Nxc4 26. Nxc4 Bxc4 27. Bh3 Be6 28. Rd2 Kg7 29. Bf1 Rc3 30. Rb2 Ne3 31. Be2 Nc4 32. Rb1 Na3 33. Rb2 Rc2 34. Rxc2 Nxc2 35. Bd1 Nb4 36. a3 Bxb3 37. Bxb3 Nd3+ 38. Ke3 Nc5 39. Bc4 e5 40. f4 exf4+ 41. Kxf4 Kf6 42. h3 h6 43. h4 Ke7 44. Ke5 f6+ 45. Kd5 g5 46. hxg5 hxg5 47. g4 Nd7 48. Be2 Ne5 49. Bd1 Nd3 50. Bf3 b5 51. Bd1 Kd7 52. Bc2 Nf4+ 53. Kd4 Kd6 54. Be4 Ne6+ 55. Kc3 b6 56. Kb4 Ke5 57. Bc6 Nd4 58. Bd7 Kd6 59. Be8 Ke6 60. Bg6 f5 61. gxf5+ Nxf5 62. Kxb5 g4 0-1

[Event "FIDE WCC Blitz Women 2019"]
[Site "Moscow"]
[Date "2019.12.30"]
[Round "16.29"]
[White "Mamedjarova, Zeinab"]
[Black "Enkhtuul, Altan-Ulzii"]
[Result "1-0"]
[WhiteElo "2325"]
[BlackElo "2149"]
[Annotator "NA RC"]
[PlyCount "63"]
[EventDate "2019.12.29"]
[EventType "swiss"]
[EventCountry "RUS"]
[SourceTitle "playchess.com"]
[Source "ChessBase"]
[SourceQuality "1"]

1. d4 c5 2. e3 g6 3. g3 Bg7 4. Bg2 Nf6 5. Nf3 O-O 6. O-O cxd4 7. exd4 d5 8. c3 Nc6 9. Re1 Ne4 10. Nbd2 Nxd2 11. Bxd2 Bg4 12. h3 Bf5 13. Ne5 f6 14. Ng4 Qd7 15. Kh2 Bxg4 16. hxg4 e5 17. dxe5 fxe5 18. Bg5 Rxf2 19. Kg1 Rxg2+ 20. Kxg2 d4 21. Qe2 h6 22. Bd2 Rf8 23. Rad1 Kh7 24. Qe4 Na5 25. cxd4 Nc4 26. Bc3 exd4 27. Bxd4 Qf7 28. Rf1 Nd6 29. Rxf7 Nxe4 30. Rxg7+ Kh8 31. Re7+ Kg8 32. Rxe4 1-0

[Event "FIDE WCC Blitz Women 2019"]
[Site "Moscow"]
[Date "2019.12.30"]
[Round "16.30"]
[White "Maltsevskaya, Aleksandra"]
[Black "Bykova, Anastasia"]
[Result "0-1"]
[WhiteElo "2280"]
[BlackElo "2107"]
[Annotator "NA"]
[PlyCount "84"]
[EventDate "2019.12.29"]
[EventType "swiss"]
[EventCountry "RUS"]
[SourceTitle "playchess.com"]
[Source "ChessBase"]
[SourceQuality "1"]

1. e4 c6 2. d3 d5 3. Nd2 e5 4. Ngf3 Bd6 5. g3 Nf6 6. Bg2 Nbd7 7. O-O O-O 8. b3 Re8 9. Bb2 a5 10. a3 Qc7 11. Qe2 Nf8 12. c4 dxe4 13. Nxe4 Nxe4 14. dxe4 Bg4 15. h3 Bh5 16. g4 Bg6 17. Nh4 Ne6 18. Nf5 Bc5 19. Rad1 Nf4 20. Qf3 Rad8 21. Nxg7 Nxh3+ 22. Bxh3 Kxg7 23. g5 Qe7 24. Qg3 Bd4 25. Bc1 Rd6 26. Kh2 Red8 27. Rde1 b5 28. f4 exf4 29. Bxf4 Bc5 30. Bxd6 Bxd6 31. e5 Bxa3 32. Kh1 Rd3 33. Qg2 Rxb3 34. e6 fxe6 35. Rxe6 Qc7 36. Rxc6 Rxh3+ 37. Kg1 Bc5+ 38. Rf2 Bxf2+ 39. Kf1 Qd7 40. Rb6 Qd3+ 41. Kxf2 Qe3+ 42. Kf1 Bd3+ 0-1

[Event "FIDE WCC Blitz Women 2019"]
[Site "Moscow"]
[Date "2019.12.30"]
[Round "16.31"]
[White "Potapova, Margarita"]
[Black "Munkhzul, Turmunkh"]
[Result "0-1"]
[WhiteElo "2259"]
[BlackElo "2139"]
[Annotator "NA"]
[PlyCount "72"]
[EventDate "2019.12.29"]
[EventType "swiss"]
[EventCountry "RUS"]
[SourceTitle "playchess.com"]
[Source "ChessBase"]
[SourceQuality "1"]

1. d4 Nf6 2. c4 e6 3. Nf3 d5 4. Nc3 Be7 5. Bf4 O-O 6. e3 Nbd7 7. c5 Ne4 8. Bd3 f5 9. Ne5 Nxe5 10. Bxe5 c6 11. O-O Bf6 12. f4 Bxe5 13. fxe5 Qg5 14. Qe2 Bd7 15. Bxe4 fxe4 16. b4 Rxf1+ 17. Rxf1 Be8 18. Qf2 Bh5 19. b5 h6 20. a4 a6 21. bxc6 bxc6 22. a5 Rb8 23. Rb1 Rf8 24. Qg3 Qf5 25. h3 g5 26. Kh2 Qf2 27. Rb6 Qd2 28. h4 g4 29. Nb1 Qc1 30. Rb7 Rf1 31. Rb8+ Kg7 32. Rb7+ Kg6 33. Qf4 Rxf4 34. exf4 Qxf4+ 35. Kg1 g3 36. Rb8 Qc1# 0-1

[Event "FIDE WCC Blitz Women 2019"]
[Site "Moscow"]
[Date "2019.12.30"]
[Round "16.32"]
[White "Osmak, Iulija"]
[Black "Fominykh, Maria"]
[Result "1-0"]
[WhiteElo "2242"]
[BlackElo "2055"]
[Annotator "NA"]
[PlyCount "57"]
[EventDate "2019.12.29"]
[EventType "swiss"]
[EventCountry "RUS"]
[SourceTitle "playchess.com"]
[Source "ChessBase"]
[SourceQuality "1"]

1. e4 e6 2. d4 d5 3. e5 c5 4. c3 Nc6 5. Nf3 Bd7 6. Be2 f6 7. c4 cxd4 8. cxd5 exd5 9. exf6 Bb4+ 10. Bd2 Bxd2+ 11. Nbxd2 Nxf6 12. O-O O-O 13. Nb3 Qb6 14. Nfxd4 Rae8 15. Nb5 Ne5 16. Nc3 Be6 17. Qd4 Qxd4 18. Nxd4 Bf7 19. Bb5 Rd8 20. Rfe1 Nc4 21. b3 Nd6 22. Re7 Nfe4 23. Nce2 Nxb5 24. Nxb5 Be8 25. Nbd4 Nxf2 26. Ne6 Rd7 27. Rxd7 Bxd7 28. Nxf8 Kxf8 29. Kxf2 1-0

[Event "FIDE WCC Blitz Women 2019"]
[Site "Moscow"]
[Date "2019.12.30"]
[Round "16.33"]
[White "Kovanova, Baira"]
[Black "Tsogzolmaa, Nanjid"]
[Result "1-0"]
[WhiteElo "2218"]
[BlackElo "1775"]
[Annotator "NA"]
[PlyCount "65"]
[EventDate "2019.12.29"]
[EventType "swiss"]
[EventCountry "RUS"]
[SourceTitle "playchess.com"]
[Source "ChessBase"]
[SourceQuality "1"]

1. Nf3 Nf6 2. d4 e6 3. g3 d5 4. Bg2 Be7 5. O-O O-O 6. c4 Nbd7 7. b3 b6 8. Bb2 Bb7 9. Nc3 c5 10. cxd5 Nxd5 11. Rc1 Nxc3 12. Bxc3 cxd4 13. Bxd4 Bf6 14. Qd3 Rc8 15. Ng5 Bxg5 16. Bxb7 Rxc1 17. Rxc1 Bxc1 18. Qc2 Bg5 19. h4 Bf6 20. Be3 Ne5 21. Be4 g6 22. h5 Qc8 23. Qb1 Ng4 24. hxg6 fxg6 25. Bd2 Qd7 26. Bf4 e5 27. Bc1 Qd1+ 28. Kg2 Be7 29. Bf3 Nf6 30. e4 Ba3 31. Bxd1 Bxc1 32. Qxc1 Nxe4 33. Qc4+ 1-0

[Event "FIDE WCC Blitz Women 2019"]
[Site "Moscow"]
[Date "2019.12.30"]
[Round "16.34"]
[White "Borisova, Ekaterina"]
[Black "Solozhenkina, Elizaveta"]
[Result "1-0"]
[WhiteElo "2029"]
[BlackElo "2214"]
[Annotator "NA"]
[PlyCount "77"]
[EventDate "2019.12.29"]
[EventType "swiss"]
[EventCountry "RUS"]
[SourceTitle "playchess.com"]
[Source "ChessBase"]
[SourceQuality "1"]

1. d4 Nc6 2. c4 e5 3. d5 Nce7 4. Nc3 d6 5. g3 f5 6. Bg2 Nf6 7. Nf3 g6 8. O-O Bg7 9. e4 O-O 10. Ne1 h6 11. Nd3 b6 12. f4 fxe4 13. Nxe4 Nxe4 14. Bxe4 Bf5 15. Bg2 Rb8 16. fxe5 dxe5 17. Be3 b5 18. Bxa7 bxc4 19. Bxb8 cxd3 20. Ba7 Nxd5 21. Qb3 c6 22. Bc5 Rf7 23. g4 Bxg4 24. Rxf7 Kxf7 25. Qxd3 Bf5 26. Rf1 Bf6 27. Qc4 Kg7 28. Rd1 Be6 29. b4 Qc8 30. Qc2 Nf4 31. Rd6 Bd5 32. Bxd5 cxd5 33. Qd1 Qh3 34. Qf1 Qg4+ 35. Kh1 e4 36. b5 Be5 37. Ra6 Nd3 38. Ra7+ Kg8 39. Qf7+ 1-0

[Event "FIDE WCC Blitz Women 2019"]
[Site "Moscow"]
[Date "2019.12.30"]
[Round "16.35"]
[White "Diakonova, Ekaterina"]
[Black "Nomin-Erdene, Davaademberel"]
[Result "0-1"]
[WhiteElo "2090"]
[BlackElo "2298"]
[Annotator "NA"]
[PlyCount "74"]
[EventDate "2019.12.29"]
[EventType "swiss"]
[EventCountry "RUS"]
[SourceTitle "playchess.com"]
[Source "ChessBase"]
[SourceQuality "1"]

1. e4 c6 2. d4 d5 3. Nc3 dxe4 4. Nxe4 Bf5 5. Ng3 Bg6 6. Nf3 Nd7 7. Bd3 Bxd3 8. Qxd3 e6 9. O-O Ngf6 10. b3 Bd6 11. c4 O-O 12. Bb2 Qc7 13. Rad1 Rad8 14. Rfe1 c5 15. Qc2 a6 16. a3 cxd4 17. Nxd4 Ng4 18. b4 b6 19. Nf3 Ndf6 20. Rc1 Rc8 21. Bd4 Bf4 22. Rcd1 e5 23. Be3 Nxe3 24. fxe3 Bxg3 25. hxg3 e4 26. Ng5 Rfe8 27. Qf2 h6 28. Nh3 Qxc4 29. Nf4 Qb3 30. Rd6 Rc2 31. Re2 Rc1+ 32. Re1 Qxa3 33. Rxb6 Rec8 34. Rxf6 Rxe1+ 35. Qxe1 Rc1 36. Qxc1 Qxc1+ 37. Kh2 gxf6 0-1

[Event "FIDE WCC Blitz Women 2019"]
[Site "Moscow"]
[Date "2019.12.30"]
[Round "16.36"]
[White "Mammadzada, Gunay"]
[Black "Song, Yuxin"]
[Result "1/2-1/2"]
[WhiteElo "2314"]
[BlackElo "2128"]
[Annotator "TA"]
[PlyCount "62"]
[EventDate "2019.12.29"]
[EventType "swiss"]
[EventCountry "RUS"]
[SourceTitle "playchess.com"]
[Source "ChessBase"]
[SourceQuality "1"]

1. e4 c5 2. Nf3 d6 3. d4 cxd4 4. Nxd4 e5 5. Nb3 Nf6 6. Nc3 Be6 7. Bg5 Be7 8. Be2 a6 9. Bxf6 Bxf6 10. Nd5 Nd7 11. O-O O-O 12. a4 Be7 13. a5 Nc5 14. Nxc5 dxc5 15. Bc4 Bxd5 16. Bxd5 Qc7 17. Ra3 Rad8 18. Rh3 Rd6 19. f4 exf4 20. Qg4 Rg6 21. Qxf4 Bd6 22. Qf5 Qe7 23. Kh1 Be5 24. Qf3 Rf6 25. Qe2 Bxb2 26. Rb3 Rxf1+ 27. Qxf1 Qf6 28. Qxf6 Bxf6 29. Bxb7 Rb8 30. Bxa6 Rxb3 31. cxb3 Bc3 1/2-1/2

[Event "FIDE WCC Blitz Women 2019"]
[Site "Moscow"]
[Date "2019.12.30"]
[Round "16.37"]
[White "Khomeriki, Nino"]
[Black "Kovalevskaya, Ekaterina"]
[Result "0-1"]
[WhiteElo "2177"]
[BlackElo "2286"]
[Annotator "NA"]
[PlyCount "78"]
[EventDate "2019.12.29"]
[EventType "swiss"]
[EventCountry "RUS"]
[SourceTitle "playchess.com"]
[Source "ChessBase"]
[SourceQuality "1"]

1. d4 Nf6 2. c4 c5 3. d5 b5 4. Nf3 g6 5. Nc3 b4 6. Nb1 Bg7 7. g3 d6 8. Bg2 O-O 9. O-O Nbd7 10. Nbd2 a5 11. e4 a4 12. Rb1 Nb6 13. Qe2 Nfd7 14. Nh4 b3 15. axb3 axb3 16. Nxb3 Ne5 17. Nd2 Ra2 18. f4 Nexc4 19. Nxc4 Ba6 20. Re1 Nxc4 21. Qg4 Qa5 22. Nf3 Nxb2 23. Bd2 Qa4 24. h4 Nc4 25. Bc1 Qc2 26. Qh3 Qxb1 27. e5 Qc2 28. f5 Qxf5 29. g4 Qc2 30. Bf4 Qxg2+ 31. Qxg2 Rxg2+ 32. Kxg2 dxe5 33. Nxe5 Nxe5 34. Bxe5 Bxe5 35. Rxe5 Rd8 36. Kg3 Rd7 37. Kf4 Bb7 38. h5 Kg7 39. g5 gxh5 0-1

[Event "FIDE WCC Blitz Women 2019"]
[Site "Moscow"]
[Date "2019.12.30"]
[Round "16.38"]
[White "Guseva, Marina"]
[Black "Manakova, Maria"]
[Result "1-0"]
[WhiteElo "2245"]
[BlackElo "2149"]
[Annotator "NA"]
[PlyCount "147"]
[EventDate "2019.12.29"]
[EventType "swiss"]
[EventCountry "RUS"]
[SourceTitle "playchess.com"]
[Source "ChessBase"]
[SourceQuality "1"]

1. d4 e6 2. c4 f5 3. g3 Nf6 4. Bg2 Be7 5. Nf3 O-O 6. O-O b6 7. d5 Bb7 8. Nc3 exd5 9. cxd5 Bb4 10. a3 Bxc3 11. bxc3 Qe7 12. c4 Na6 13. Nd4 Ne4 14. Bb2 Nac5 15. Nb5 c6 16. Nc3 Nd6 17. dxc6 dxc6 18. Na4 Nxa4 19. Qxa4 Qxe2 20. c5 Qc4 21. Qd1 Ne4 22. cxb6 axb6 23. Rc1 Qb5 24. Qd4 Nf6 25. Rfe1 Rad8 26. Qc3 Rd3 27. Qc2 Rfd8 28. Bxf6 gxf6 29. Qe2 Qe5 30. Qh5 Qb5 31. Re8+ Rxe8 32. Qxe8+ Kg7 33. Qe7+ Kg6 34. Bf1 Qb2 35. Re1 Rd2 36. Qxb7 Rxf2 37. Qxc6 Rxh2 38. Qf3 Qd2 39. Re2 Rxe2 40. Bxe2 b5 41. Kf2 Qd4+ 42. Qe3 Qb2 43. Qd3 h5 44. Qf3 Qd4+ 45. Kg2 Qb2 46. Qxh5+ Kg7 47. Qf3 Kg6 48. Qd3 Kg5 49. Kf2 Qc1 50. Qxb5 Qxa3 51. Qc4 Qa7+ 52. Kg2 Qb7+ 53. Bf3 Qb2+ 54. Kh3 Qb1 55. Qh4+ Kg6 56. Qh5+ Kg7 57. Qh4 Kg6 58. Qa4 Qf1+ 59. Bg2 Qb1 60. Qe8+ Kg7 61. Qe7+ Kg6 62. Qf8 Qd3 63. Qg8+ Kh6 64. Qd5 Qc2 65. Bf3 Qb1 66. Qc4 Kg6 67. Qe2 Kg5 68. Qe3+ Kg6 69. Bg2 Qc2 70. Bf1 Qb1 71. Qf3 Kg5 72. Bd3 Qa1 73. Qxf5+ Kh6 74. Qg6# 1-0

[Event "FIDE WCC Blitz Women 2019"]
[Site "Moscow"]
[Date "2019.12.30"]
[Round "16.39"]
[White "Semenova, Elena"]
[Black "Doluhanova, Evgeniya"]
[Result "1-0"]
[WhiteElo "2114"]
[BlackElo "2222"]
[Annotator "NA"]
[PlyCount "101"]
[EventDate "2019.12.29"]
[EventType "swiss"]
[EventCountry "RUS"]
[SourceTitle "playchess.com"]
[Source "ChessBase"]
[SourceQuality "1"]

1. e4 e5 2. Nf3 Nc6 3. Nc3 Nf6 4. a3 d5 5. Bb5 d4 6. Ne2 Bd6 7. d3 Bd7 8. c3 dxc3 9. bxc3 a6 10. Bc4 b5 11. Bb3 Na5 12. Ba2 c5 13. O-O O-O 14. Bg5 h6 15. Bh4 Bg4 16. Nd2 Be7 17. f3 Bc8 18. Nb3 Nxb3 19. Bxb3 Nh5 20. Bxe7 Qxe7 21. d4 cxd4 22. cxd4 exd4 23. Qxd4 Rd8 24. Qe3 Be6 25. Rfd1 Rac8 26. Rxd8+ Rxd8 27. Bxe6 Qxe6 28. Rc1 a5 29. Qc5 Qg6 30. Qxb5 Rd2 31. a4 Kh7 32. Rc5 Nf6 33. Rc1 Nh5 34. Re1 Qf6 35. Qxa5 Qd6 36. Qxh5 Qb6+ 37. Kh1 Qf2 38. Qf5+ Kg8 39. Qc8+ Kh7 40. Qf5+ Kg8 41. Rc1 g6 42. Qc8+ Kh7 43. Nf4 Qe3 44. Nd5 Qf2 45. Nf6+ Kg7 46. Ne8+ Kh7 47. Rg1 Re2 48. h3 Qg3 49. Qc3 f6 50. Nxf6+ Kg7 51. Nh5+ 1-0

[Event "FIDE WCC Blitz Women 2019"]
[Site "Moscow"]
[Date "2019.12.30"]
[Round "16.40"]
[White "Belenkaya, Dina"]
[Black "Dauletova, Gulmira"]
[Result "0-1"]
[WhiteElo "2203"]
[BlackElo "2112"]
[Annotator "NA"]
[PlyCount "97"]
[EventDate "2019.12.29"]
[EventType "swiss"]
[EventCountry "RUS"]
[SourceTitle "playchess.com"]
[Source "ChessBase"]
[SourceQuality "1"]

1. e4 e5 2. Nf3 d6 3. d4 exd4 4. Nxd4 Nf6 5. Nc3 Be7 6. g3 Nc6 7. Bg2 O-O 8. O-O Ne5 9. h3 c5 10. Nde2 Rb8 11. f4 Nc6 12. a4 h5 13. Be3 Be6 14. Qd2 Qc8 15. Kh2 Rd8 16. f5 Bc4 17. b3 Bxe2 18. Nxe2 Ne5 19. c4 Qc7 20. Nf4 a6 21. Qe2 h4 22. gxh4 Qc6 23. Nd5 Nxd5 24. exd5 Qc7 25. f6 Bxf6 26. Rxf6 gxf6 27. Rg1 Kf8 28. Qf2 Qe7 29. Be4 Nxc4 30. Bh6+ Ke8 31. Bf5 Qe5+ 32. Kh1 Qxd5+ 33. Kh2 Ne5 34. Bg7 Nf3+ 35. Kg3 Nxg1 36. Bxf6 Qxb3+ 37. Kg2 Qf3+ 38. Qxf3 Nxf3 39. Kxf3 d5 40. a5 d4 41. h5 Rd5 42. Bg4 d3 43. Ke3 d2 44. Bd1 Kf8 45. h6 Re8+ 46. Kf4 Kg8 47. Bc2 Rd4+ 48. Kg5 Rd5+ 49. Kf4 0-1

[Event "FIDE WCC Blitz Women 2019"]
[Site "Moscow"]
[Date "2019.12.30"]
[Round "16.41"]
[White "Shumilina, Alexandra"]
[Black "Paramzina, Anastasya"]
[Result "1-0"]
[WhiteElo "2139"]
[BlackElo "2203"]
[Annotator "NA"]
[PlyCount "65"]
[EventDate "2019.12.29"]
[EventType "swiss"]
[EventCountry "RUS"]
[SourceTitle "playchess.com"]
[Source "ChessBase"]
[SourceQuality "1"]

1. e4 c5 2. c3 g6 3. Nf3 Bg7 4. Bd3 Nc6 5. Bc2 e5 6. d3 d5 7. O-O Nge7 8. Re1 O-O 9. a4 d4 10. Na3 b6 11. Nc4 a6 12. cxd4 cxd4 13. Bd2 Rb8 14. b4 a5 15. b5 Nb4 16. Bxb4 axb4 17. Rb1 f5 18. exf5 Nd5 19. Nfxe5 Qg5 20. Nc6 Bb7 21. Qf3 Rbe8 22. Qxd5+ Kh8 23. Rxe8 Rxe8 24. Qd7 Rf8 25. Qxb7 gxf5 26. Nxb4 f4 27. Qf3 Re8 28. Nd2 Qe7 29. Ne4 Be5 30. h3 Bd6 31. Nc6 Qd7 32. Qg4 Qf7 33. Nxd6 1-0

[Event "FIDE WCC Blitz Women 2019"]
[Site "Moscow"]
[Date "2019.12.30"]
[Round "16.42"]
[White "Tomilova, Elena"]
[Black "Geller, Anastasiya"]
[Result "0-1"]
[WhiteElo "2219"]
[BlackElo "2073"]
[Annotator "NA"]
[PlyCount "64"]
[EventDate "2019.12.29"]
[EventType "swiss"]
[EventCountry "RUS"]
[SourceTitle "playchess.com"]
[Source "ChessBase"]
[SourceQuality "1"]

1. e4 c6 2. d4 d5 3. exd5 Qxd5 4. Nc3 Qa5 5. Nf3 Nf6 6. Be2 g6 7. O-O Bg7 8. h3 O-O 9. Be3 Rd8 10. Qc1 Nbd7 11. Bh6 Bh8 12. Re1 Nf8 13. Bc4 Be6 14. Bxf8 Bxc4 15. Bxe7 Re8 16. Bc5 Nd5 17. Nxd5 Bxd5 18. c3 Bxf3 19. gxf3 b6 20. Bd6 Rxe1+ 21. Qxe1 Qd5 22. Bg3 Qxf3 23. Qe7 Bf6 24. Qd6 Re8 25. a4 h5 26. h4 Re4 27. a5 b5 28. Rf1 Bxh4 29. Qc7 Rg4 30. Qb8+ Kh7 31. Kh2 Bxg3+ 32. fxg3 Qxf1 0-1

[Event "FIDE WCC Blitz Women 2019"]
[Site "Moscow"]
[Date "2019.12.30"]
[Round "16.43"]
[White "Styazhkina, Anna"]
[Black "Lysenko, Margarita"]
[Result "1-0"]
[WhiteElo "2159"]
[BlackElo "2188"]
[Annotator "NA"]
[PlyCount "83"]
[EventDate "2019.12.29"]
[EventType "swiss"]
[EventCountry "RUS"]
[SourceTitle "playchess.com"]
[Source "ChessBase"]
[SourceQuality "1"]

1. e4 c5 2. Nf3 d6 3. d4 cxd4 4. Qxd4 a6 5. c4 Nc6 6. Qd2 Nf6 7. Nc3 g6 8. b3 Bg7 9. Bb2 O-O 10. h3 Nd7 11. Be2 Nc5 12. O-O f5 13. Rad1 fxe4 14. Ng5 Nd4 15. Ncxe4 e5 16. b4 Nxe4 17. Nxe4 Bf5 18. Ng3 Be6 19. Bxd4 exd4 20. Bd3 Rc8 21. Rc1 d5 22. c5 Qh4 23. Rfe1 Bd7 24. Re2 Bb5 25. Rce1 Bc4 26. Qc2 b5 27. a3 Rc7 28. Re6 Rcf7 29. R1e2 Bh6 30. Qd1 Bg7 31. Rxa6 Bh6 32. Rae6 Bf4 33. Nh1 Bb8 34. c6 Qf4 35. g3 Qh6 36. Bxc4 dxc4 37. Qxd4 Qxh3 38. Re8 Rxe8 39. Rxe8+ Rf8 40. Qd5+ Kg7 41. Qd7+ Rf7 42. Qxh3 1-0

[Event "FIDE WCC Blitz Women 2019"]
[Site "Moscow"]
[Date "2019.12.30"]
[Round "16.44"]
[White "Zhuravleva, Olga"]
[Black "Badelka, Olga"]
[Result "1-0"]
[WhiteElo "2127"]
[BlackElo "2186"]
[Annotator "NA"]
[PlyCount "75"]
[EventDate "2019.12.29"]
[EventType "swiss"]
[EventCountry "RUS"]
[SourceTitle "playchess.com"]
[Source "ChessBase"]
[SourceQuality "1"]

1. e4 c5 2. Nf3 Nc6 3. Nc3 e5 4. Bc4 Be7 5. d3 d6 6. h3 Nf6 7. O-O O-O 8. Nd5 Rb8 9. a4 Be6 10. c3 a6 11. Ne3 Bxc4 12. Nxc4 b5 13. axb5 axb5 14. Ne3 g6 15. Qb3 b4 16. Qc2 b3 17. Qe2 d5 18. exd5 Nxd5 19. Nc4 f6 20. Ra6 Qd7 21. Bh6 Rfc8 22. Rfa1 Bf8 23. Bd2 Nce7 24. Qe4 Nf5 25. g4 Nfe7 26. Rd6 Qb7 27. Rda6 Ra8 28. Nd6 Rxa6 29. Nxb7 Rxa1+ 30. Kh2 Rb1 31. c4 Nc7 32. Bc3 Ne6 33. Nxe5 fxe5 34. Qxe5 Ng7 35. Nxc5 Rf1 36. Kg2 Ra1 37. Ne6 Nxe6 38. Qxe6# 1-0

[Event "FIDE WCC Blitz Women 2019"]
[Site "Moscow"]
[Date "2019.12.30"]
[Round "16.45"]
[White "Khokhlova, Daria"]
[Black "Bivol, Alina"]
[Result "0-1"]
[WhiteElo "2109"]
[BlackElo "2186"]
[Annotator "NA"]
[PlyCount "118"]
[EventDate "2019.12.29"]
[EventType "swiss"]
[EventCountry "RUS"]
[SourceTitle "playchess.com"]
[Source "ChessBase"]
[SourceQuality "1"]

1. d4 Nf6 2. c4 g6 3. Nc3 Bg7 4. e4 d6 5. Be2 O-O 6. f4 c5 7. Nf3 cxd4 8. Nxd4 Nc6 9. Be3 Qa5 10. O-O Bd7 11. Bf3 Rac8 12. Nd5 Nxd5 13. cxd5 Nxd4 14. Bxd4 Qb4 15. Bxg7 Kxg7 16. Rf2 Bb5 17. a3 Qc5 18. b4 Qc3 19. Raa2 Qc1 20. Ra1 Qxd1+ 21. Rxd1 Rc3 22. Ra1 Ba4 23. e5 Rfc8 24. h3 Re3 25. exd6 exd6 26. f5 gxf5 27. Bd1 Re1+ 28. Rf1 Rxf1+ 29. Kxf1 Bxd1 30. Rxd1 Rc3 31. a4 Rc4 32. Rb1 Kf6 33. a5 Rd4 34. b5 Rxd5 35. Ke2 Rc5 36. Kd3 Ke5 37. a6 bxa6 38. bxa6 Ra5 39. Rb7 Rxa6 40. Rxf7 h6 41. Rh7 d5 42. g4 f4 43. Re7+ Kf6 44. Rd7 Ra5 45. Rd6+ Kg5 46. Kd4 Ra4+ 47. Kd3 f3 48. Ke3 Ra3+ 49. Kf2 Rd3 50. Ra6 Kf4 51. Rf6+ Ke4 52. Re6+ Kd4 53. Rxh6 a5 54. Ra6 Ra3 55. h4 Ke4 56. Re6+ Kf4 57. g5 Ra2+ 58. Kf1 Kg3 59. Re1 Rh2 0-1

[Event "FIDE WCC Blitz Women 2019"]
[Site "Moscow"]
[Date "2019.12.30"]
[Round "16.46"]
[White "Mikhaylova, Irina"]
[Black "Nilssen, Ellen Fredericia"]
[Result "1-0"]
[WhiteElo "2090"]
[BlackElo "2162"]
[Annotator "NA"]
[PlyCount "99"]
[EventDate "2019.12.29"]
[EventType "swiss"]
[EventCountry "RUS"]
[SourceTitle "playchess.com"]
[Source "ChessBase"]
[SourceQuality "1"]

1. d4 Nf6 2. Nf3 g6 3. c4 Bg7 4. Nc3 d5 5. cxd5 Nxd5 6. Na4 O-O 7. e4 Nb6 8. h3 Nc6 9. Be3 Qd6 10. e5 Qb4+ 11. Nc3 Nd5 12. Qb3 Nxe3 13. fxe3 a5 14. Be2 Bh6 15. Kf2 a4 16. Qxb4 Nxb4 17. Rhc1 c6 18. a3 Nd5 19. Nxd5 cxd5 20. Rc7 Ra6 21. Rac1 Bf5 22. Rxb7 Re8 23. Rcc7 Raa8 24. g4 Be6 25. g5 Bf8 26. h4 Reb8 27. Bd3 Bc8 28. Rxb8 Rxb8 29. Rc2 Rb3 30. Rd2 f6 31. gxf6 exf6 32. exf6 Kf7 33. Ng5+ Kg8 34. e4 h6 35. Nf3 dxe4 36. Bxe4 Be6 37. Ne5 g5 38. hxg5 hxg5 39. f7+ Bxf7 40. Nxf7 Rb8 41. Nxg5 Bh6 42. Kf3 Rf8+ 43. Kg4 Rf6 44. Kh5 Bg7 45. Bd5+ Kh8 46. Re2 Bf8 47. Re8 Kg7 48. Ne6+ Kh7 49. Rxf8 Rxf8 50. Nxf8+ 1-0

[Event "FIDE WCC Blitz Women 2019"]
[Site "Moscow"]
[Date "2019.12.30"]
[Round "17.8"]
[White "Dzagnidze, Nana"]
[Black "Mammadova, Gulnar"]
[Result "0-1"]
[WhiteElo "2432"]
[BlackElo "2293"]
[Annotator "TA"]
[PlyCount "48"]
[EventDate "2019.12.29"]
[EventType "swiss"]
[EventCountry "RUS"]
[SourceTitle "playchess.com"]
[Source "ChessBase"]
[SourceQuality "1"]

1. c4 d6 2. d4 g6 3. Nc3 Bg7 4. Nf3 Nd7 5. Bg5 h6 6. Bh4 g5 7. Bg3 c5 8. e3 Ngf6 9. Bd3 b6 10. O-O Bb7 11. d5 Nh5 12. Nd2 Nxg3 13. fxg3 Ne5 14. Bc2 Qd7 15. Qe2 O-O-O 16. Rab1 e6 17. b4 cxb4 18. Rxb4 Kb8 19. a4 h5 20. a5 h4 21. axb6 a6 22. Be4 hxg3 23. h3 g4 24. Ra1 exd5 0-1